Un nuevo caso para el instituto a las salidas no documentadas (Registro nro. 13657)

Detalles MARC
000 -LEADER
fixed length control field 00348 a2200109 4500
001 - CONTROL NUMBER
control field ART_25251
005 - DATE AND TIME OF LATEST TRANSACTION
control field 20260410161645.0
008 - FIXED-LENGTH DATA ELEMENTS--GENERAL INFORMATION
fixed length control field 260409a
100 1# - MAIN ENTRY--PERSONAL NAME
Personal name Januszewski, Karina
245 10 - TITLE STATEMENT
Title Un nuevo caso para el instituto a las salidas no documentadas
773 0# - HOST ITEM ENTRY
Title Consultor tributario
Related parts - Año 8, Nº 89 (jul. 2014)
Record control number REV474

No hay ítems disponibles.